Delay in the sun / (Record no. 185951)
[ view plain ]
| 000 -LEADER | |
|---|---|
| fixed length control field | 00709 a2200193 4500 |
| 003 - CONTROL NUMBER IDENTIFIER | |
| control field | NUST |
| 005 - DATE AND TIME OF LATEST TRANSACTION | |
| control field | 20230125153724.0 |
| 010 ## - LIBRARY OF CONGRESS CONTROL NUMBER | |
| LC control number | 35000441 |
| 040 ## - CATALOGING SOURCE | |
| Transcribing agency | Nust |
| 082 ## - DEWEY DECIMAL CLASSIFICATION NUMBER | |
| Classification number | 823,THO |
| 100 ## - MAIN ENTRY--PERSONAL NAME | |
| Personal name | Thorne, Anthony. |
| 9 (RLIN) | 107666 |
| 245 ## - TITLE STATEMENT | |
| Title | Delay in the sun / |
| Statement of responsibility, etc. | Anthony Thorne |
| 260 ## - PUBLICATION, DISTRIBUTION, ETC. | |
| Place of publication, distribution, etc. | N.Y., Doubleday, Doran company, inc |
| Name of publisher, distributor, etc. | Garden City |
| Date of publication, distribution, etc. | c1934 |
| 300 ## - PHYSICAL DESCRIPTION | |
| Extent | 6 p. l., 3-301 p |
| Other physical details | illus |
| Dimensions | 21 cm |
| 505 ## - FORMATTED CONTENTS NOTE | |
| Formatted contents note | Halt For Refreshment (Page-7),The Beginning Of A Sentence (Page-30), Semicolon(Page-58),The End Of The Sentence (Page-87), Discordant Echo (Page-140),The End Is Always A Beginning (Page-165). |
| 600 ## - SUBJECT ADDED ENTRY--PERSONAL NAME | |
| Personal name | Thorne, Anthony. |
| 9 (RLIN) | 107666 |
| 650 ## - SUBJECT ADDED ENTRY--TOPICAL TERM | |
| Topical term or geographic name entry element | Delay in the sun |
| 9 (RLIN) | 107667 |
| 942 ## - ADDED ENTRY ELEMENTS (KOHA) | |
| Source of classification or shelving scheme | |
| Koha item type | Book |
| Call number prefix | 823,THO |
| Withdrawn status | Lost status | Source of classification or shelving scheme | Damaged status | Not for loan | Permanent Location | Current Location | Shelving location | Date acquired | Full call number | Barcode | Date last seen | Price effective from | Koha item type | Public note |
|---|---|---|---|---|---|---|---|---|---|---|---|---|---|---|
| Military College of Signals (MCS) | Military College of Signals (MCS) | General Stacks | 12/12/2016 | 823,THO | MCS30145 | 12/08/2016 | 12/12/2016 | Book | Almirah No.57, Shelf No.6 |
